Kézműves sörök megjelenése a vendéglátásban

Bibliográfiai részletek
Szerző: Tóth Balázs
További közreműködők: Nagy Mihály
Dokumentumtípus: Diplomadolgozat
Kulcsszavak:Sörgyártás
Söripar
Sörfőzés
Sörtípus
Sör, kézműves
Sörfesztivál
Online Access:http://dolgozattar.uni-bge.hu/59403

MARC

LEADER 00000nta a2200000 i 4500
001 dolg59403
005 20260114152840.0
008 260114suuuu hu om 000 hun d
040 |a BGE Dolgozattár Repozitórium  |b hun 
041 |a hu 
100 1 |a Tóth Balázs 
245 1 0 |a Kézműves sörök megjelenése a vendéglátásban  |c Tóth Balázs  |h [elektronikus dokumentum] 
695 |a Sörgyártás 
695 |a Söripar 
695 |a Sörfőzés 
695 |a Sörtípus 
695 |a Sör, kézműves 
695 |a Sörfesztivál 
700 1 |a Nagy Mihály  |e ths 
856 4 0 |u http://dolgozattar.uni-bge.hu/59403/1/Toth-Balazs.pdf  |z Dokumentum-elérés